01109 a2200205 4500003000500000005001700005010001200022040000900034082001500043100003500058245006600093260003100159300001300190505045100203600003300654650005000687942002400737999001900761952012300780NUST20221118121843.0 a6910185 cNust a515.15,SIL aSilverman, Richard A. 9102972 aModern calculus and analytic geometry /cRichard A. Silverman aNew Yorkb Macmillanc1969 a1034 p.: aSets And Functions (Page-1), Numbers And Coordinates (Page-38), Graphs (Page-77), Limits (Page-135), Derivatives (Page-205), Well-Behaved Functions (Page-259), Integrals (Page-347), Analytic Geometry In R2 (Page-422), Curves And Vector In R2 (Page-524), Linear Algebra (Page-594), Analytic Geometry In R2 (Page-638), Partial Differentiation (Page-693), Multiple Integration (Page-757), Further Computations (Page-835), Infinite Series (Page-886). aRichard A. Silverman9103058 aModern calculus and analytic geometry9103059 2ddccBKk515.15,SIL c180704d180704 00102ddc4070aMCSbMCScGENd2016-12-12o515.15,SILpMCS7490r2016-12-08w2016-12-12yBKzAlmirah No.13, Shelf No.3